|
|
|
|
| LEADER |
00920nam a2200217Ia 4500 |
| 001 |
CTU_171005 |
| 008 |
210402s9999 xx 000 0 und d |
| 082 |
|
|
|a 373.1
|
| 082 |
|
|
|b B112
|
| 088 |
|
|
|a 60140111
|
| 100 |
|
|
|a Nguyễn, Thị Bảy
|
| 245 |
|
0 |
|a L'approche globale et L'apprentissage de la lecture en fle par les apprenants vietnamiens. le cas des lyceens de CanTho:
|
| 245 |
|
0 |
|b Luận văn Thạc sĩ chuyên ngành Lí luận và phương pháp dạy học bộ môn Tiếng Pháp
|
| 245 |
|
0 |
|c Nguyễn Thị Bảy ; Võ Văn Chương (Hướng dẫn khoa học)
|
| 260 |
|
|
|a Cần Thơ
|
| 260 |
|
|
|b Trường Đại học Cần Thơ
|
| 260 |
|
|
|c 2011
|
| 650 |
|
|
|a Giáo dục, trung học,Education, Secondary
|
| 650 |
|
|
|x Dạy và học,Study and teaching
|
| 904 |
|
|
|i Tuyền, Hải
|
| 980 |
|
|
|a Trung tâm Học liệu Trường Đại học Cần Thơ
|